| 000 | 00488nam a22001937a 4500 | ||
|---|---|---|---|
| 005 | 20260422112333.0 | ||
| 008 | 260422b |||||||| |||| 00| 0 eng d | ||
| 020 |
_a9789358491968 _c280.00 |
||
| 040 | _aMAIN | ||
| 041 | _aeng | ||
| 082 |
_a330.12 _bDAS. |
||
| 100 | _aDas, Deepan. | ||
| 245 |
_aContemporary Political Economy _cBy Deepan Das. |
||
| 250 | _a1st ed. | ||
| 260 |
_aDibrugarh: _bBanalata; _c2025. |
||
| 300 | _a303p. | ||
| 650 | _aPolitical Science | ||
| 942 |
_2ddc _cBK |
||
| 999 |
_c16418 _d16418 |
||